| 000 | 00762nam a2200217 a 4500 | ||
|---|---|---|---|
| 001 | 13675 | ||
| 003 | BD-JhCC | ||
| 005 | 20240313202212.0 | ||
| 008 | 240313b2023 nyu |||| ||a| 001 0 eng d | ||
| 020 | _a 9781783966875 | ||
| 035 | _a(BD-JhCC)13675 | ||
| 040 |
_aBD-JhCC _dBD-JhCC |
||
| 041 | _aenglish | ||
| 082 |
_a320.12 _bMAR 2023 |
||
| 100 | _a Marshall, Tim | ||
| 245 |
_a The Future of Geography : _bHow power and politics in space will change our world / _cTim Marshall |
||
| 260 |
_a London: _bElliott and Thompson Limited; _c2023. |
||
| 300 |
_a271 p, : _bill; _c22 cm |
||
| 650 |
_a Discoveries in geography Political aspects _xEspace extra-atmosphérique Aspect stratégique _zStrategic aspects of individual places _ygeopolitics |
||
| 942 |
_2ddc _cBK |
||
| 999 |
_c13675 _d13675 |
||